Catálogo
 En Linea

Reincidencias / (Registro nro. 7557)

Detalles MARC
000 -CABECERA
campo de control de longitud fija 00495cam a2200181 a 4500
001 - NÚMERO DE CONTROL
campo de control 000007779
005 - FECHA Y HORA DE LA ÚLTIMA TRANSACCIÓN
campo de control 20200929154310.0
008 - DATOS DE LONGITUD FIJA--INFORMACIÓN GENERAL
campo de control de longitud fija 941004s1989 cu 001 0 spa
040 ## - FUENTE DE LA CATALOGACIÓN
Centro catalogador/agencia de origen DO-SdBNP
Centro/agencia transcriptor DLC
050 00 - SIGNATURA TOPOGRÁFICA DE LA BIBLIOTECA DEL CONGRESO
Número de clasificación MLCS 94/12429 (P)
082 ## - NÚMERO DE LA CLASIFICACIÓN DECIMAL DEWEY
Número de clasificación nn*
Número de documento/Ítem A662r
100 1# - ENTRADA PRINCIPAL--NOMBRE DE PERSONA
Nombre de persona Arango, Arturo,
Fechas asociadas al nombre 1955-
9 (RLIN) 21482
245 10 - MENCIÓN DE TÍTULO
Título Reincidencias /
Mención de responsabilidad, etc. Arturo Arango.
260 ## - PUBLICACIÓN, DISTRIBUCIÓN, ETC.
Lugar de publicación, distribución, etc. La Habana :
Nombre del editor, distribuidor, etc. Abril,
Fecha de publicación, distribución, etc. 1989.
300 ## - DESCRIPCIÓN FÍSICA
Extensión 137 p. ;
Dimensiones 19 cm.
586 ## - NOTA DE PREMIOS
Nota de premios "Premio Ensayo 1987".
910 ## - DATOS DE OPCIÓN DEL USUARIO (OCLC)
Datos de opción del usuario Catalogación derivada
Existencias
Estado de retiro Estado de pérdida Restricciones de uso No para préstamo Código de colección Localización permanente Ubicación/localización actual Ubicación en estantería Fecha de adquisición Número de inventario Total de préstamos Signatura topográfica completa Código de barras Fecha visto por última vez Precio válido a partir de Tipo de ítem Koha
    Préstamo interno   Monografías: Libros y Folletos General General En catalogación 10.09.2009 LF1   nn* A662r 7779-10 25.06.2020 25.06.2020 Préstamo interno

Con tecnología Koha